00393nam a22000857a 4500008004100000082001600041245018700057260005300244300001000297230605b xxu||||| |||| 00| 0 eng d a343.07bOBO aComplying with Business Regulation on KenyabA Benchmark Study of the Trading Licensing Registration of Business Name s ActscInstitute for Development Studies, University of Nairobi aNairobibInstitute for Development Studiesc1999 a119 p